Up against the Wall, Mohter___ : On Women's Liberation /
Gorde:
| Egile nagusia: | |
|---|---|
| Beste egile batzuk: | |
| Formatua: | Liburua |
| Hizkuntza: | ingelesa |
| Argitaratua: |
Los Angeles, EUA :
Glencoe,
1971, c1971
|
| Gaiak: | |
| Etiketak: |
Etiketarik gabe, Izan zaitez lehena erregistro honi etiketa jartzen!
|
MARC
| LEADER | 00000nam^a2200000^a^4500 | ||
|---|---|---|---|
| 001 | 000190928 | ||
| 005 | 20250521000000.0 | ||
| 009 | 20260310102510.024 | ||
| 037 | |a Acervo ITESO - Biblioteca | ||
| 041 | |a ING | ||
| 082 | |a 305. 421 |b ADA | ||
| 100 | |a Adams, Elsie |e (antología) | ||
| 245 | 1 | 0 | |a Up against the Wall, Mohter___ : |b On Women's Liberation / |c Antología e introd. de E. Adams, M.L. Briscoe. |
| 264 | 4 | |a Los Angeles, EUA : |b Glencoe, |c 1971, c1971 | |
| 300 | |a X, 268 p. | ||
| 336 | |a texto |b txt |2 rdacontenido | ||
| 337 | |a sin mediación |b n |2 rdamedio | ||
| 338 | |a volumen |b nc |2 rdasoporte | ||
| 649 | |a XX | ||
| 650 | |a Mujeres en la Religión | ||
| 650 | |a Mujeres en la Literatura - |x Historia y Crítica | ||
| 650 | |a Mujeres - |x Condiciones Jurídicas | ||
| 650 | |a Mujeres - |x Condiciones Laborales | ||
| 650 | |a Mujeres - |x Condiciones Económicas | ||
| 650 | |a Mujeres - |x Condiciones Políticas | ||
| 650 | |a Mujeres - |x Condiciones Sociales y Culturales | ||
| 650 | |a Mujeres - |z Massachusetts, EUA - |x Condiciones Sociales y Culturales | ||
| 650 | |a Identidad de Género - |x Tema Principal | ||
| 650 | |a Estereotipo | ||
| 650 | |a Feminismo | ||
| 650 | |a Literatura y Sociedad | ||
| 650 | |a Literatura - |x Historia y Crítica | ||
| 650 | |a Maternidad | ||
| 650 | |a Relaciones Padres-Hijos | ||
| 650 | |a Matrimonio | ||
| 650 | |a Relaciones de Pareja | ||
| 650 | |a Relaciones Familiares | ||
| 650 | |a Familia | ||
| 650 | |a Sociología del Derecho | ||
| 650 | |a Sociología Laboral | ||
| 650 | |a Sociología de la Economía | ||
| 650 | |a Sociología Política | ||
| 650 | |a Sociología de la Cultura | ||
| 700 | |a Briscoe, Mary Louise |e (antología) | ||
| 910 | |a Fondo General | ||
| 920 | |a Impresos - Libros | ||
| 930 | |a Colección General | ||
| 905 | |a 101 | ||
| 901 | |a 0500134210 |b IT1 |c ACC |u 20250521 | ||
| 902 | |a https://opac.biblio.iteso.mx/vufind/Record/000190928 | ||